000 01772cam a2200301 a 4500
001 1319903
003 NUST-PNEC
005 20170116180712.0
008 780711m19781989ohua bf 001 0 eng
010 _a 78014934
020 _a0871700077
040 _cPNEC
050 0 0 _aTA459
_b.M43 1978
082 0 0 _a669.0202 BRU
_219
100 _9569
_aBruce P. Bardes
245 0 0 _aMetals handbook : Vol-1 properties and selection: Irons and steel
_cprepared under the direction of the ASM Handbook Committee.
250 _a9th ed.
260 _aMetals Park, Ohio :
_bAmerican Society for Metals,
_cc1978-c1989.
300 _a 816 p.. :
_bill. ;
_c29 cm.
500 _aIncludes Index http://www.amazon.com/Metals-Handbook-Vol-Properties-Selection-/dp/0871700077/ref=sr_1_1?s=books&ie=UTF8&qid=1413202358&sr=1-1&keywords=0871700077
504 _aIncludes bibliographies and indexes.
505 0 _av. 1. Properties and selection--irons and steels -- v. 2. Properties and selection--nonferrous alloys and pure metals -- v. 3. Properties and selection--stainless steels, tool materials, and special purpose metals -- v. 4. Heat treating -- v. 5. Surface cleaning, finishing, and coating -- v. 6. Welding, brazing, and soldering -- v. 7. Powder metallurgy -- v. 8. Mechanical testing -- v. 9. Metallography and microstructures -- v. 10. Materials characterization -- v. 11. Failure analysis and prevention -- v. 12. Fractography -- v. 13. Corrosion -- v. 14. Forming and forging -- v. 15. Casting -- v. 16. Machining -- v. 17. Nondestructive evaluation and quality control.
650 0 _aMetals
_xME
710 2 _aASM Handbook Committee.
710 2 _aASM International.
_bHandbook Committee.
906 _a7
_bcbc
_corignew
_d1
_eocip
_f19
_gy-gencatlg
942 _2ddc
_cBK
999 _c60994
_d60994